000 00382nam a2200157Ia 4500
008 230711s9999||||xx |||||||||||||| ||und||
041 _aENG
082 _a720
_bCH-C
100 _aChambers,F.M
245 0 _aClimate change and human impact on the landscape
250 _a1st
260 _c1993
_aNew Delhi
_bChapman & Hall
300 _a303
650 _aArchitecture
942 _cBK
999 _c2485
_d2485